[Event "Open Aubagne 2019-2020"]
[Site "Aubagne"]
[Date "2019.09.02"]
[Round "8.9"]
[White "Hassaine, Rachid"]
[Black "Roche, Alain"]
[Result "1/2-1/2"]
[WhiteElo "1377"]
[BlackElo "1329"]
[PlyCount "113"]

1. e4 e6 2. d4 d5 3. Bb5+ c6 4. Bd3 c5 5. Bb5+ Nc6 6. exd5 exd5 7. Nf3 Bg4 8.
Qd3 Bxf3 9. Qxf3 Nf6 10. Nc3 cxd4 11. Ne2 Qa5+ 12. Nc3 dxc3 13. Bxc6+ bxc6 14.
b3 Be7 15. Qe3 Qc7 16. O-O O-O 17. Qxc3 Ne4 18. Qf3 Bf6 19. c3 Rae8 20. Ba3 Nd2
21. Qd3 Nxf1 22. Bxf8 Nxh2 23. Bc5 Ng4 24. g3 Ne5 25. Qe2 Re6 26. Qd1 Qb7 27.
Kg2 Qb5 28. Bxa7 Nd7 29. Be3 Bxc3 30. a4 Qa5 31. Rc1 d4 32. Bf4 Qd5+ 33. f3 Re1
34. Qd3 Rxc1 35. Bxc1 h6 36. Ba3 Ne5 37. Qf5 c5 38. Qc8+ Kh7 39. Qf5+ g6 40.
Qf4 d3 41. Bc1 d2 42. Bxd2 Bxd2 43. Qe4 Qd6 44. f4 Ng4 45. f5 Nf6 46. fxg6+
fxg6 47. Qa8 Qe7 48. a5 Ne8 49. a6 Qe2+ 50. Kh3 Ng7 51. a7 Qf1+ 52. Qg2 Qf5+
53. g4 Qd3+ 54. Kh2 Bf4+ 55. Kh1 Qd1+ 56. Qg1 Qd5+ 57. Qg2 1/2-1/2

[Event "Open Aubagne 2019-2020"]
[Site "Aubagne"]
[Date "2019.09.02"]
[Round "8.11"]
[White "Lai, Bjorn"]
[Black "Madi, Chahinez"]
[Result "0-1"]
[WhiteElo "1350"]
[BlackElo "1350"]
[PlyCount "68"]

1. e4 c5 2. Nc3 Nc6 3. f4 d6 4. Nf3 g6 5. Bc4 Bg7 6. O-O Nf6 7. d3 O-O 8. Qe1
Nb4 9. Bb3 Qb6 10. a3 Nxd3 11. Bxf7+ Rxf7 12. cxd3 c4+ 13. d4 Nh5 14. Ne2 Bg4
15. Qd1 Bxf3 16. Rxf3 e5 17. Kh1 Nxf4 18. Nxf4 exf4 19. Rb1 Qxd4 20. Qxd4 Bxd4
21. Bxf4 Rd8 22. h3 Rdf8 23. Bxd6 Rxf3 24. gxf3 Rxf3 25. Rd1 Rxh3+ 26. Kg2 Rd3
27. Rf1 Bxb2 28. Bc5 c3 29. e5 Rd5 30. e6 Rxc5 31. e7 Rc8 32. Rd1 Re8 33. Rd8
Kf7 34. Rd1 Rxe7 0-1

[Event "Open Aubagne 2019-2020"]
[Site "Aubagne"]
[Date "2019.09.02"]
[Round "8.13"]
[White "Bonavia, Mathis"]
[Black "Madi, Walid"]
[Result "1-0"]
[WhiteElo "1383"]
[BlackElo "1006"]
[PlyCount "91"]

1. d4 Nf6 2. Nf3 g6 3. Bf4 Bg7 4. e3 d6 5. Bd3 O-O 6. O-O Nc6 7. c3 Bd7 8. Nbd2
a6 9. a3 Re8 10. Qb3 b5 11. Ne4 Nxe4 12. Bxe4 Be6 13. d5 Na5 14. Qb4 c5 15.
dxc6 Qc7 16. Nd4 Bxd4 17. cxd4 Nxc6 18. Rac1 Nxb4 19. Rxc7 Bc4 20. Bxa8 Bxf1
21. axb4 Rxa8 22. Kxf1 Re8 23. Ra7 e5 24. dxe5 dxe5 25. Bg3 Re6 26. Ke2 g5 27.
Kf3 e4+ 28. Kg4 h6 29. h4 Rg6 30. Kf5 Kf8 31. hxg5 Rxg5+ 32. Kxe4 f5+ 33. Kf4
Ke8 34. Rxa6 Rg4+ 35. Kxf5 Rxb4 36. Be5 Rh4 37. g3 Rh2 38. f4 Re2 39. Ke4 Rh2
40. Rb6 Rc2 41. Rxb5 Rc4+ 42. Kd5 Ra4 43. Ke6 Ra6+ 44. Bd6 Ra8 45. Rb8+ Rxb8
46. Bxb8 1-0

[Event "Open Aubagne 2019-2020"]
[Site "Aubagne"]
[Date "2019.09.02"]
[Round "8.14"]
[White "Autouard, Jean-Luc"]
[Black "Frontera, Pierre"]
[Result "0-1"]
[WhiteElo "1250"]
[BlackElo "1276"]
[PlyCount "70"]

1. e4 e5 2. Nf3 Nc6 3. Bb5 d6 4. Nc3 a6 5. Ba4 Bd7 6. d3 Nf6 7. Bg5 Be7 8. Nd5
Nxd5 9. Bxe7 Ndxe7 10. O-O O-O 11. Bb3 h6 12. Nh4 Na5 13. c4 Nxb3 14. Qxb3 b6
15. f4 Nc6 16. g3 Nd4 17. Qd1 exf4 18. Nf5 Nxf5 19. exf5 Bxf5 20. Rxf4 Bg6 21.
Qf3 Rc8 22. h4 c6 23. h5 Bh7 24. d4 c5 25. d5 b5 26. Rc1 Rb8 27. b3 a5 28. cxb5
Rxb5 29. Rcc4 Qb6 30. Rxf7 Rxf7 31. Qg4 Bf5 32. Qe2 Qd8 33. g4 Bh7 34. Qe6 Rbb7
35. Rf4 Rbe7 0-1

[Event "Open Aubagne 2019-2020"]
[Site "Aubagne"]
[Date "2019.09.02"]
[Round "8.16"]
[White "Tramarin, Lucas"]
[Black "Daumas, Alain"]
[Result "0-1"]
[WhiteElo "1232"]
[BlackElo "1637"]
[PlyCount "80"]

1. d4 d5 2. Nf3 Nf6 3. Bg5 e6 4. e3 Be7 5. Bd3 c5 6. c4 cxd4 7. exd4 Nc6 8. O-O
O-O 9. Nc3 dxc4 10. Bxc4 h6 11. Bf4 a6 12. a4 b6 13. Qd2 Bb7 14. Rfd1 Rc8 15.
Be2 Bb4 16. Qd3 Ne7 17. Na2 Be4 18. Qb3 Bd6 19. Bxd6 Qxd6 20. Nc3 Bb7 21. Ne5
Nf5 22. Nc4 Qc6 23. Bf3 Qxc4 24. Qxc4 Rxc4 25. Bxb7 a5 26. h3 Nxd4 27. Ba6 Rb4
28. Rac1 e5 29. Kf1 Rxb2 30. f4 Nb3 31. fxe5 Nh5 32. g4 Ng3+ 33. Ke1 Re8 34.
Ne2 Nxc1 35. Rxc1 Rxe5 36. Bd3 g6 37. Rc8+ Kg7 38. Rc2 Rxc2 39. Bxc2 Rxe2+ 40.
Kd1 Rh2 0-1

[Event "Open Aubagne 2019-2020"]
[Site "Aubagne"]
[Date "2019.09.02"]
[Round "8.17"]
[White "Desjardins, Rene"]
[Black "Catanese, Sauveur"]
[Result "1-0"]
[WhiteElo "1380"]
[BlackElo "1037"]
[PlyCount "51"]

1. e4 g6 2. Nf3 d6 3. Bc4 e6 4. Nc3 Bg7 5. d3 Nf6 6. Bg5 O-O 7. Qd2 Re8 8. h4
Qd7 9. O-O-O a6 10. Bxf6 Bxf6 11. g4 b5 12. Bb3 Nc6 13. g5 Bh8 14. h5 Na5 15.
hxg6 Nxb3+ 16. cxb3 fxg6 17. Rh4 Rf8 18. Qe2 Bb7 19. Rdh1 Rf7 20. Nh2 Raf8 21.
Ng4 Bc8 22. Nh6+ Kg7 23. Nxf7 Qxf7 24. Rxh7+ Kg8 25. Rxh8+ Kg7 26. R1h7# 1-0

[Event "Open Aubagne 2019-2020"]
[Site "Aubagne"]
[Date "2019.09.02"]
[Round "8.18"]
[White "Cotton, Paul"]
[Black "Rescanieres, Alice"]
[Result "1-0"]
[WhiteElo "1356"]
[BlackElo "1239"]
[PlyCount "59"]

1. Nf3 d5 2. g3 c5 3. Bg2 e6 4. b3 Bd6 5. Bb2 Nf6 6. O-O Nc6 7. d3 O-O 8. Nbd2
Re8 9. e3 e5 10. c4 Nb4 11. Ne1 d4 12. exd4 exd4 13. a3 Nc6 14. Nef3 b6 15.
Nxd4 cxd4 16. Bxc6 Bh3 17. Bxe8 Bxf1 18. Bxf7+ Kxf7 19. Qxf1 Bc7 20. Re1 Ng4
21. Qh3 Qg5 22. Nf3 Qf5 23. Qg2 Qxd3 24. Ng5+ Kg6 25. Qxa8 Qd2 26. Qe8+ Kxg5
27. Qe7+ Kh5 28. Qe2 Qg5 29. h3 Kh6 30. Bc1 1-0

[Event "Open Aubagne 2019-2020"]
[Site "Aubagne"]
[Date "2019.09.02"]
[Round "8.19"]
[White "Hours, Evelyne"]
[Black "Strate, Francois"]
[Result "0-1"]
[WhiteElo "1080"]
[BlackElo "1294"]
[PlyCount "82"]

1. e4 e6 2. d4 d5 3. exd5 exd5 4. Nf3 Nf6 5. Be2 Bd6 6. Nbd2 O-O 7. c4 dxc4 8.
Nxc4 Be7 9. O-O Nc6 10. b3 Re8 11. Bb2 Nd5 12. a3 Bf6 13. Qc2 b5 14. Ncd2 Rxe2
15. Qxc6 Rb8 16. Rac1 Rb6 17. Qc2 Bb7 18. Qd1 Rbe6 19. Bc3 Be7 20. Ne5 Nxc3 21.
Rxc3 Qxd4 22. Qxe2 Qxc3 23. Re1 f6 24. Qd3 Qxd3 25. Nxd3 Rxe1+ 26. Nxe1 Bxa3
27. Nc2 Bc1 28. Nf1 a5 29. Nd4 b4 30. Ng3 Bb2 31. Nb5 c5 32. Nd6 Bd5 33. Ngf5
Bxb3 34. Ne7+ Kf8 35. Nc6 a4 36. Na5 Bd5 37. Ndc4 Bxc4 38. Nxc4 a3 39. Nd2 a2
40. Nb3 a1=Q+ 41. Nxa1 Bxa1 0-1

[Event "Open Aubagne 2019-2020"]
[Site "Aubagne"]
[Date "2019.09.02"]
[Round "8.20"]
[White "Madi, Mohammed"]
[Black "Pouliquen, Gilbert"]
[Result "1-0"]
[WhiteElo "1098"]
[BlackElo "1270"]
[PlyCount "64"]

1. d4 Nf6 2. c4 e6 3. Bf4 c5 4. e3 d5 5. Nc3 cxd4 6. exd4 Bd6 7. Bg3 O-O 8. Bd3
Nc6 9. Nf3 Bb4 10. Rc1 Qb6 11. O-O Bxc3 12. bxc3 dxc4 13. Bxc4 Rd8 14. Rb1 Qa5
15. Qc2 a6 16. a4 Bd7 17. Rxb7 Rab8 18. Bxb8 Nxb8 19. Rb4 Bc6 20. Ne5 Be4 21.
Qb2 Nfd7 22. Nxd7 Nxd7 23. Re1 Bg6 24. h3 h6 25. Qe2 Kh7 26. Bxa6 Nb8 27. Bd3
Nc6 28. Bxg6+ Kxg6 29. Qe4+ Qf5 30. Qxc6 Rd5 31. Rb5 Qg5 32. Rxd5 Qxd5 1-0

[Event "Open Aubagne 2019-2020"]
[Site "Aubagne"]
[Date "2019.09.02"]
[Round "8.21"]
[White "Boudet, Nicole"]
[Black "Manus, Renaud"]
[Result "1-0"]
[WhiteElo "1068"]
[BlackElo "1199"]
[PlyCount "59"]

1. e4 d6 2. d4 b6 3. Nc3 e6 4. f4 Ne7 5. Bc4 Nd7 6. Qf3 Bb7 7. Nge2 g6 8. O-O
Bg7 9. Be3 f5 10. Rad1 fxe4 11. Nxe4 d5 12. N4c3 Nf5 13. Bd3 Nxe3 14. Qxe3 Qe7
15. Nb5 Kd8 16. c3 a6 17. Na3 Re8 18. Nc2 c6 19. Rf3 c5 20. Ne1 c4 21. Bc2 b5
22. Rh3 Nf8 23. Nf3 Qc7 24. Ne5 Bxe5 25. fxe5 Re7 26. Rf1 Rf7 27. Rff3 Rxf3 28.
Rxf3 Qe7 29. Qf2 Kc7 30. Rf7 1-0

[Event "Open Aubagne 2019-2020"]
[Site "Aubagne"]
[Date "2019.09.02"]
[Round "8.22"]
[White "Hunault, Francis"]
[Black "Tramarin, Esteban"]
[Result "1-0"]
[WhiteElo "1392"]
[BlackElo "1180"]
[PlyCount "43"]

1. d4 Nf6 2. Bf4 d5 3. e3 a6 4. Bd3 g6 5. Nd2 Bg7 6. c3 O-O 7. h4 h5 8. f3 Nbd7
9. Qc2 Nb6 10. e4 c6 11. e5 Nfd7 12. g4 Nb8 13. gxh5 f5 14. hxg6 a5 15. h5 e6
16. h6 Bxh6 17. Bxh6 Re8 18. f4 Qc7 19. Ndf3 c5 20. Qh2 Na6 21. Bg5 Kf8 22.
Qh8# 1-0

[Event "Open Aubagne 2019-2020"]
[Site "Aubagne"]
[Date "2019.09.02"]
[Round "8.23"]
[White "Turpin, Isabelle"]
[Black "Cavanihac, Claude"]
[Result "0-1"]
[WhiteElo "1178"]
[BlackElo "1352"]
[PlyCount "54"]

1. Nf3 Nf6 2. c4 b6 3. Nc3 Bb7 4. d3 e6 5. Bg5 Bxf3 6. Bxf6 Qxf6 7. gxf3 c6 8.
a3 Be7 9. Qc2 O-O 10. Bg2 d5 11. O-O-O Qg5+ 12. Qd2 Qxg2 13. Rhg1 Qxf2 14. Qh6
Bf6 15. Rdf1 Qd4 16. Kc2 Kh8 17. Qh3 Qe3 18. Rg2 dxc4 19. Ne4 cxd3+ 20. exd3
Qd4 21. Nxf6 Qxf6 22. Rg4 Qf5 23. Qh4 f6 24. Rfg1 Rf7 25. Qh6 Qc5+ 26. Kb1
Qxg1+ 27. Rxg1 gxh6 0-1

[Event "Open Aubagne 2019-2020"]
[Site "Aubagne"]
[Date "2019.09.02"]
[Round "8.24"]
[White "Rocchia, Alex"]
[Black "Burnel, Marie-France"]
[Result "1-0"]
[WhiteElo "1288"]
[BlackElo "1049"]
[PlyCount "87"]

1. e4 e5 2. Nc3 Nc6 3. Bc4 Nf6 4. f4 d6 5. Nf3 Bg4 6. O-O exf4 7. d4 Be7 8.
Bxf4 Na5 9. Bb3 c5 10. Ba4+ Bd7 11. e5 Bxa4 12. Nxa4 Nh5 13. Be3 O-O 14. dxc5
dxe5 15. Nxe5 Qxd1 16. Raxd1 Nf6 17. b3 Nc6 18. Nd7 Rfd8 19. Nxf6+ Bxf6 20. a3
h6 21. b4 Rxd1 22. Rxd1 Re8 23. Bc1 Nd4 24. Kf1 Nxc2 25. b5 Ne3+ 26. Bxe3 Rxe3
27. c6 bxc6 28. bxc6 Be5 29. Rd8+ Kh7 30. Re8 Rxa3 31. Rxe5 Rxa4 32. Rc5 Ra1+
33. Kf2 Ra2+ 34. Kg3 Ra3+ 35. Kg4 h5+ 36. Kxh5 g6+ 37. Kh4 Ra4+ 38. Kh3 Re4 39.
c7 Re8 40. c8=Q Rxc8 41. Rxc8 a5 42. Ra8 f5 43. Rxa5 f4 44. Kg4 1-0

[Event "Open Aubagne 2019-2020"]
[Site "Aubagne"]
[Date "2019.09.02"]
[Round "8.25"]
[White "Pegon, Claude"]
[Black "Morata, Serge"]
[Result "1-0"]
[WhiteElo "1047"]
[BlackElo "1275"]
[PlyCount "91"]

1. c4 Nf6 2. Nc3 e6 3. Nf3 c5 4. g3 d5 5. d3 dxc4 6. d4 cxd4 7. Nxd4 e5 8. Ndb5
Qxd1+ 9. Nxd1 Na6 10. Bg2 Bb4+ 11. Ndc3 O-O 12. O-O Bxc3 13. bxc3 e4 14. f3 Nc5
15. Be3 b6 16. Rad1 Bb7 17. Rd4 a6 18. Nd6 b5 19. Rfd1 Ne6 20. R4d2 Bc6 21.
fxe4 Ng4 22. Bd4 Nxd4 23. Rxd4 Ne3 24. R1d2 g6 25. Bf3 f5 26. Kf2 Ng4+ 27. Kg2
h5 28. exf5 Bxf3+ 29. Kxf3 Nxh2+ 30. Kf4 Ng4 31. Kg5 Kg7 32. Rf4 Rad8 33. Rdd4
Rf6 34. fxg6 Rxg6+ 35. Kxh5 Rdxd6 (35... Rh8#) 36. Rxd6 Rxd6 37. Kxg4 Rg6+ 38.
Kf3 a5 39. e3 a4 40. a3 Rf6 41. Rxf6 Kxf6 42. Ke2 b4 43. cxb4 Ke5 44. Kd2 Ke4
45. g4 Ke5 46. g5 1-0

[Event "Open Aubagne 2019-2020"]
[Site "Aubagne"]
[Date "2019.09.02"]
[Round "8.27"]
[White "De Laurentis, Pierre"]
[Black "Friche, Allan"]
[Result "0-1"]
[WhiteElo "1195"]
[BlackElo "1009"]
[PlyCount "72"]

1. d4 d5 2. Nf3 Nf6 3. Nc3 Bg4 4. Ne5 e6 5. h3 Bb4 6. hxg4 Bxc3+ 7. bxc3 Nfd7
8. Ba3 Nxe5 9. dxe5 b6 10. g3 c5 11. Bg2 O-O 12. O-O Nc6 13. f4 b5 14. Bxc5 Re8
15. Rb1 a6 16. Rf2 Rc8 17. Qd3 Na5 18. Bf3 Rxc5 19. Rh2 h6 20. g5 Qc8 21. Rc1
Rxc3 22. Qd1 b4 23. gxh6 b3 24. h7+ Kh8 25. Bh5 g6 26. Bg4 bxa2 27. e3 Nb3 28.
cxb3 Rxc1 29. Rxa2 Rxd1+ 30. Bxd1 Qc1 31. Rxa6 Qxd1+ 32. Kg2 Qd3 33. Ra7 Qxe3
34. Rxf7 Qxb3 35. Kh3 Qd1 36. Kh4 Qh5# 0-1

[Event "Open Aubagne 2019-2020"]
[Site "Aubagne"]
[Date "2019.09.02"]
[Round "8.28"]
[White "Lopez, Marcel"]
[Black "Friche, Timeo"]
[Result "0-1"]
[WhiteElo "1070"]
[BlackElo "1009"]
[PlyCount "85"]

1. e4 e5 2. Nc3 Nf6 3. Bc4 Nc6 4. Nf3 Bc5 5. O-O O-O 6. Re1 Ne7 7. Na4 b6 8.
Nxe5 d6 9. Nf3 Bg4 10. Nc3 Ng6 11. a3 Bd4 12. Ne2 Bxf3 13. gxf3 Be5 14. Ng3 Nh4
15. Nf5 Nxf5 16. exf5 Qd7 17. Bd3 Rae8 18. c3 Re7 19. Re2 c5 20. Qf1 b5 21. Re1
c4 22. Be4 d5 23. Bc2 Rfe8 24. d3 Bxh2+ 25. Kxh2 Rxe1 26. Qg2 R1e2 27. Bh6 g6
28. Bd1 R2e7 29. fxg6 fxg6 30. Qg5 Qd6+ 31. Qg3 Qxg3+ 32. Kxg3 cxd3 33. Bd2
Nh5+ 34. Kg2 Re6 35. Bb3 Re2 36. Bxd5+ Kf8 37. Kf1 Rxd2 38. Bc6 Re5 39. a4 bxa4
40. Rxa4 Ree2 41. Bb5 Rxf2+ 42. Ke1 Nf4 43. Rxf4+ 0-1

[Event "Open Aubagne 2019-2020"]
[Site "Aubagne"]
[Date "2019.09.02"]
[Round "8.29"]
[White "Masson, Wally"]
[Black "Pietrac, Christian"]
[Result "0-1"]
[WhiteElo "1145"]
[BlackElo "1229"]
[PlyCount "74"]

1. e4 d6 2. d4 g6 3. d5 Bg7 4. Nf3 Nf6 5. Bd3 O-O 6. O-O b6 7. Bg5 Nh5 8. Bc1
Na6 9. c3 Nc5 10. Be2 Nxe4 11. Bd2 a5 12. c4 Bxb2 13. Qc2 Bxa1 14. Qxe4 Bg7 15.
Nc3 Nf6 16. Qh4 h5 17. h3 Nd7 18. Ne4 Nc5 19. Nxc5 bxc5 20. Bg5 f6 21. Bd2 Qe8
22. Bd3 a4 23. a3 Rb8 24. Bc2 Bd7 25. Be4 Rb3 26. Bc1 Qf7 27. Qg3 Kh7 28. Bc2
Rc3 29. Ng5+ fxg5 30. Bxa4 Bf5 31. Rd1 Bd3 32. Rxd3 Rxc1+ 33. Kh2 Be5 34. f4
Bxf4 35. Rf3 Bxg3+ 36. Rxg3 Qf2 37. Rxg5 Rf3 0-1

[Event "Open Aubagne 2019-2020"]
[Site "Aubagne"]
[Date "2019.09.02"]
[Round "8.30"]
[White "Biglia, Michel"]
[Black "Prasant, Krishnan"]
[Result "0-1"]
[WhiteElo "1140"]
[BlackElo "1256"]
[PlyCount "32"]

1. e4 e5 2. Bc4 Nf6 3. Nc3 Nc6 4. Nf3 Bb4 5. a3 Bxc3 6. bxc3 Nxe4 7. Qe2 d5 8.
Bb5 O-O 9. Bxc6 bxc6 10. Nxe5 Re8 11. Nxc6 Qd7 12. Nd4 Nxc3 13. Qxe8+ Qxe8+ 14.
Kf1 c5 15. Nf3 Qe2+ 16. Kg1 Qd1+ 0-1

[Event "Open Aubagne 2019-2020"]
[Site "Aubagne"]
[Date "2019.09.02"]
[Round "8.31"]
[White "Innocenti, Georges"]
[Black "Puertolas, Alain"]
[Result "1-0"]
[WhiteElo "1108"]
[BlackElo "1199"]
[PlyCount "63"]

1. d4 Nc6 2. Nf3 Nf6 3. Bf4 d6 4. e3 Bf5 5. Bd3 Ne4 6. Nbd2 d5 7. Nxe4 dxe4 8.
Bb5 Qd5 9. Bxc6+ Qxc6 10. Nd2 O-O-O 11. f3 e6 12. O-O Bd6 13. Bxd6 Rxd6 14. c3
exf3 15. Qxf3 Qb5 16. b4 Qd3 17. e4 Qxd2 18. exf5 Re8 19. Rf2 Qh6 20. fxe6
Rdxe6 21. Qh3 Qg6 22. Re1 Kb8 23. Rxe6 Qb1+ 24. Rf1 fxe6 25. Rxb1 h6 26. Re1 c5
27. Rxe6 Rd8 28. bxc5 a6 29. Qg3+ Ka7 30. Qxg7 h5 31. c6 Rc8 32. Qxb7# 1-0

[Event "Open Aubagne 2019-2020"]
[Site "Aubagne"]
[Date "2019.09.02"]
[Round "8.33"]
[White "Nasri, Alexandre"]
[Black "Shelar, Manasvi"]
[Result "0-1"]
[WhiteElo "1199"]
[BlackElo "1099"]
[PlyCount "34"]

1. e4 e5 2. Nf3 Nf6 3. Nc3 Nc6 4. d4 exd4 5. Nxd4 Bb4 6. Bg5 h6 7. Nxc6 bxc6 8.
a3 Bxc3+ 9. bxc3 hxg5 10. Bc4 d6 11. O-O Bd7 12. Re1 Kf8 13. e5 dxe5 14. Rxe5
Ng4 15. Ra5 Qf6 16. Qxd7 Qxf2+ 17. Kh1 Rxh2# 0-1

[Event "Open Aubagne 2019-2020"]
[Site "Aubagne"]
[Date "2019.09.02"]
[Round "8.34"]
[White "Belliardo, Julia"]
[Black "Shelar, Rujuta"]
[Result "0-1"]
[WhiteElo "1099"]
[BlackElo "1026"]
[PlyCount "34"]

1. c4 e5 2. e4 Nf6 3. d3 Nc6 4. Nf3 Bc5 5. g3 d6 6. Bg2 h6 7. O-O O-O 8. Nh4
Be6 9. Nc3 Nd4 10. f4 exf4 11. gxf4 Nf3+ 12. Kh1 Nxh4 13. e5 Nxg2 14. exf6 Qxf6
15. Kxg2 Qg6+ 16. Kh1 Bh3 17. f5 Qg2# 0-1

[Event "Open Aubagne 2019-2020"]
[Site "Aubagne"]
[Date "2019.09.02"]
[Round "8.35"]
[White "Renahy, Corentin"]
[Black "Periale, Francine"]
[Result "1-0"]
[WhiteElo "1099"]
[BlackElo "1002"]
[PlyCount "46"]

1. e4 c5 2. Nf3 d6 3. d4 cxd4 4. Nxd4 Nf6 5. Nc3 e5 6. Nf3 Nc6 7. Bc4 g6 8. Ng5
Bg7 9. Nxf7 Qe7 10. Nxh8 Bxh8 11. O-O Bd7 12. Nd5 Qd8 13. Bg5 Be6 14. Qf3 Rc8
15. Bxf6 Bxf6 16. Qxf6 Qxf6 17. Nxf6+ Ke7 18. Bxe6 Kxe6 19. Nxh7 Nd4 20. c3
Ne2+ 21. Kh1 Rc7 22. Ng5+ Kf6 23. Nh3 Rh7 1-0

[Event "Open Aubagne 2019-2020"]
[Site "Aubagne"]
[Date "2019.09.02"]
[Round "8.36"]
[White "Salvi, Angele"]
[Black "Rouviere, Lucas"]
[Result "1-0"]
[WhiteElo "1065"]
[BlackElo "1099"]
[PlyCount "57"]

1. e4 e5 2. Nf3 Nc6 3. d4 exd4 4. Nxd4 Bc5 5. Nb3 Be7 6. Be3 Nf6 7. Nc3 O-O 8.
h3 Bb4 9. Bd3 Bxc3+ 10. bxc3 d5 11. f3 Ne7 12. Bd4 Qd6 13. O-O b6 14. Re1 Nd7
15. Qe2 c5 16. Bf2 c4 17. Nc1 cxd3 18. cxd3 Bb7 19. a4 Ng6 20. g3 Rfe8 21. Nb3
Qe6 22. Kh2 dxe4 23. Nd4 Qe7 24. Nf5 Qf6 25. dxe4 Qxc3 26. Bd4 Qc7 27. Nxg7 Rf8
28. Nf5 Rad8 29. Nh6# 1-0

[Event "Open Aubagne 2019-2020"]
[Site "Aubagne"]
[Date "2019.09.02"]
[Round "8.39"]
[White "Gary, Yvon"]
[Black "Nakle-Fambon, Gabriel"]
[Result "1-0"]
[WhiteElo "1199"]
[BlackElo "1009"]
[PlyCount "117"]

1. e4 g6 2. Nf3 Bg7 3. d4 e6 4. Bc4 Ne7 5. Nc3 O-O 6. Be3 d5 7. exd5 exd5 8.
Bd3 Bg4 9. h3 Bf5 10. O-O Bxd3 11. Qxd3 Nbc6 12. a3 Rb8 13. b4 Nf5 14. Rfe1 Re8
15. Nb5 a6 16. Nc3 Nxe3 17. Rxe3 Rxe3 18. Qxe3 Qe8 19. Nxd5 Qxe3 20. fxe3 Nxd4
21. Nxd4 Bxd4 22. Rd1 Bxe3+ 23. Nxe3 Re8 24. Kf2 Kg7 25. Rd7 Rc8 26. Kf3 Kf6
27. Kf4 Ke6 28. Rd4 b6 29. Kg5 c5 30. bxc5 bxc5 31. Rc4 Kd6 32. Ra4 Ra8 33. Kf6
Ra7 34. Kg7 c4 35. Kxh7 Kc5 36. Ra5+ Kb6 37. Re5 Kc6 38. c3 Kd6 39. Re8 Kd7 40.
Re4 Rc7 41. Kg7 Kc8 42. Rf4 f5+ 43. Kxg6 Kd7 44. Rxf5 Rc6+ 45. Kg7 Ke6 46. Rf6+
Kd7 47. h4 Ke7 48. Rf7+ Ke6 49. h5 Kd6 50. h6 a5 51. h7 Rc8 52. Rf8 Rxf8 53.
Kxf8 a4 54. h8=Q Kd7 55. Qd4+ Ke6 56. Qc5 Kf6 57. g4 Kg6 58. Qf5+ Kh6 59. Qh5#
1-0